00295nam a2200109Ia 4500008004100000082001400041100002100055245004200076260003600118300000800154650002300162191201s2019 xx 000 0 und d a615.1 BHH aBhardwaj, Lokesh 0aHealth Education & Community Pharmacy bR. Narain Pub.aNew Delhic2019 a144 aCommunity Pharmacy